Guess the 1970s song lyrics #94 - Statistics

General Stats
  • This quiz has been taken 22 times
  • The average score is 200 of 363
Answer Stats
Answer % Correct
And
95%
and
95%
the
95%
He
90%
he
90%
on
90%
On
90%
you
90%
do
85%
love
85%
Love
85%
so
85%
to
80%
could
75%
Why
75%
for
75%
For
75%
Is
75%
it
75%
why
75%
Why
75%
as
70%
got
70%
from
65%
Like
65%
all
60%
get
60%
his
60%
If
60%
Now
60%
couldn't
55%
had
55%
or
55%
up
55%
wanted
55%
did
50%
down
50%
him
50%
Never
50%
Oh
50%
right
45%
too
45%
day
40%
Jack
40%
long
40%
think
40%
Jill
35%
yes
35%
Yes
35%
away
30%
good
30%
Good
30%
hil
30%
knee
30%
needed
30%
yeah
30%
Yeah
30%
Always
25%
Cause
25%
crown
25%
feel
25%
Feel
25%
hands
25%
hill
25%
Hill
25%
home
25%
Home
25%
Ah
20%
broke
20%
Little
20%
poor
20%
someone
20%
Wanting
20%
wrong
20%
Wrong
20%
alone
15%
Hey
15%
leave
15%
leavin
15%
phone
15%
Phone
15%
Red
15%
snuck
15%
tryin
15%
waited
15%
Waited
15%
carry
10%
Hood
10%
Riding
10%
Sat
10%
Sweet
10%
sweet
10%
bothering
5%
crawled
5%
mud
5%
No matching quizzes found
Score Distribution
Percent of People with Each Score
Percentile by Number Answered
Your Score History
You have not taken this quiz